|
|
|
|
| LEADER |
01737nam a2200421 a 4500 |
| 001 |
EBC419905 |
| 003 |
MiAaPQ |
| 005 |
20200520144314.0 |
| 006 |
m o d | |
| 007 |
cr cn||||||||| |
| 008 |
091014s2007 ne a sb 001 0 eng d |
| 020 |
|
|
|z 9789053560341
|
| 020 |
|
|
|z 9789048501052
|
| 035 |
|
|
|a (MiAaPQ)EBC419905
|
| 035 |
|
|
|a (Au-PeEL)EBL419905
|
| 035 |
|
|
|a (CaPaEBR)ebr10302583
|
| 035 |
|
|
|a (CaONFJC)MIL119114
|
| 035 |
|
|
|a (OCoLC)232152854
|
| 040 |
|
|
|a MiAaPQ
|c MiAaPQ
|d MiAaPQ
|
| 043 |
|
|
|a a-cc---
|a a-cc-hk
|
| 050 |
|
4 |
|a HC430.C3
|b W66 2007
|
| 100 |
1 |
|
|a Wong, Sam.
|
| 245 |
1 |
0 |
|a Exploring 'unseen' social capital in community participation
|h [electronic resource] :
|b everyday lives of poor mainland Chinese migrants in Hong Kong /
|c Sam Wong.
|
| 246 |
3 |
0 |
|a Everyday lives of poor mainland Chinese migrants in Hong Kong
|
| 260 |
|
|
|a Amsterdam :
|b Amsterdam University Press,
|c 2007.
|
| 300 |
|
|
|a 219 p. :
|b ill.
|
| 490 |
1 |
|
|a ICAS publications series. Monographs ;
|v 2
|
| 504 |
|
|
|a Includes bibliographical references (p. [197]-207) and index.
|
| 533 |
|
|
|a Electronic reproduction. Ann Arbor, MI : ProQuest, 2015. Available via World Wide Web. Access may be limited to ProQuest affiliated libraries.
|
| 650 |
|
0 |
|a Infrastructure (Economics)
|z China
|x Citizen participation.
|
| 650 |
|
0 |
|a Poor
|z China
|x Social conditions.
|
| 650 |
|
0 |
|a Migrant labor
|z China
|z Hong Kong
|x Social conditions.
|
| 651 |
|
0 |
|a China
|x Social conditions
|y 1949-
|
| 651 |
|
0 |
|a China
|x Economic policy
|y 1949-
|
| 655 |
|
4 |
|a Electronic books.
|
| 710 |
2 |
|
|a ProQuest (Firm)
|
| 830 |
|
0 |
|a ICAS publications series.
|p Monographs ;
|v 2.
|
| 856 |
4 |
0 |
|u https://ebookcentral.proquest.com/lib/matrademy/detail.action?docID=419905
|z Click to View
|